Felipe Pardo y Aliaga; Manuel A. Segura / (Record no. 5736)

000 -CABECERA
fixed length control field 00827nam a22002417a 4500
003 - IDENTIFICADOR DEL NÚMERO DE CONTROL
control field AR-CdUCM
008 - DATOS DE LONGITUD FIJA--INFORMACIÓN GENERAL
fixed length control field 190313b ||||| |||| 00| 0 spa d
040 ## - FUENTE DE LA CATALOGACIÓN
Agencia/entidad que catalogó originalmente la obra MUNICIPALIDAD PROVINCIAL DEL CUSCO
Entidad que transcribió la catalogación BIBLIOTECA MUNICIPAL DEL CUSCO
082 ## - NÚMERO DE LA CLASIFICACIÓN DECIMAL DEWEY
No. de Clasificación 985.009 /
Notacion interna P26
245 ## - MENCIÓN DE TÍTULO
Título Felipe Pardo y Aliaga; Manuel A. Segura /
Mención de responsabilidad Alberto Varillas Montenegro
260 ## - PUBLICACIÓN, DISTRIBUCIÓN, ETC.
Lugar de publicación, distribución, etc. Lima :
Nombre de la editorial, distribuidor, etc. Universo,
Fecha de publicación, distribución, etc. 1964.
300 ## - DESCRIPCIÓN FÍSICA
Nº de Páginas Extensión 84 páginas ;
Dimensiones 19 cm.
440 ## - MENCIÓN DE SERIE/PUNTO DE ACCESO ADICIONAL--TÍTULO
Título Biblioteca hombres del Perú
Número de la parte/sección de una obra : XIX
9 (RLIN) 17073
440 ## - MENCIÓN DE SERIE/PUNTO DE ACCESO ADICIONAL--TÍTULO
Título Segunda serie
9 (RLIN) 16781
650 ## - PUNTO DE ACCESO ADICIONAL DE MATERIA--TÉRMINO DE MATERIA
Descriptor Biografías
9 (RLIN) 148
650 ## - PUNTO DE ACCESO ADICIONAL DE MATERIA--TÉRMINO DE MATERIA
Descriptor Felipe Pardo y Aliaga
9 (RLIN) 17074
650 ## - PUNTO DE ACCESO ADICIONAL DE MATERIA--TÉRMINO DE MATERIA
Descriptor Manuel A. Segura
9 (RLIN) 17075
650 ## - PUNTO DE ACCESO ADICIONAL DE MATERIA--TÉRMINO DE MATERIA
Descriptor Hombres del Perú - Biografías
9 (RLIN) 2160
700 ## - PUNTO DE ACCESO ADICIONAL--NOMBRE DE PERSONA
Nombre Personal Varillas Montenegro, Alberto
9 (RLIN) 957
942 ## - ELEMENTOS DE PUNTO DE ACCESO ADICIONAL (KOHA)
Fuente de clasificación
Tipo de item Libros-BMC
945 ## - PROCESAMIENTO DE INFORMACIÓN LOCAL (OCLC)
Catalogador lccs
Holdings
Estado de retiro (separado) Fuente de clasificación o esquema de estanterías Estado dañado Ubicación Sala donde se ubica Nombre de la colección Fecha de adquisición o compra Costo, precio normal en soles Signatura topográfica Código de Barras Última vez visto (Koha) Tipo de ítem (Koha)
No     Sala Humanidades Sala Humanidades Book Cart 2019-03-13 20.00 985.009 / P26 SH0000006429 2019-03-13 Libros-BMC

Powered by Koha